Thực trạng giáo dục ngôn ngữ ở vùng dân tộc miền núi ba tỉnh phía bắc Việt Nam : những kiến nghị và giải pháp

Gespeichert in:
Bibliographische Detailangaben
1. Verfasser: Trần Trí Dõi
Format: Buch
Veröffentlicht: Đại học quốc gia Hà Nội 2004
Tags: Tag hinzufügen
Keine Tags, Fügen Sie den ersten Tag hinzu!
Thư viện lưu trữ: Mạng thư viện Đại học Đà Nẵng
LEADER 00681nam a2200229 a 4500
001 000029855
003 19440
005 20171030145630.0
008 171030s2004
020 |c 28800 
040 |a LTT 
082 0 |a 375.5  |b TR-D 
100 1 |a Trần Trí Dõi 
245 0 0 |a Thực trạng giáo dục ngôn ngữ ở vùng dân tộc miền núi ba tỉnh phía bắc Việt Nam : những kiến nghị và giải pháp  |c Trần Trí Dõi. 
260 |b Đại học quốc gia Hà Nội  |c 2004 
OWN |a LTT 
999 |a From the UDN01 
TYP |a Monograph 
TYP |a Printed language 
980 |a Mạng thư viện Đại học Đà Nẵng